00251nam a22000857a 4500008004100000082001200041245006800053260003500121300000900156230606b xxu||||| |||| 00| 0 eng d a342.363 aBasic Law For The Federal Republic of GermanycGerman Bundestag aGermanbGerman Bundestagc2008 a94 p